• 首页
  • 本馆介绍
  • 公告通知
  • 最新文献
  • 馆藏检索
  • 电子资源
  • 读者导购
  • 参考咨询
  • 我的图书馆
  • 登录
  • 详细信息显示
  • 放入我的书架
  • 预约/预借图书
  • 作者相关作品
  • 分类相关作品
  • 丛书相关作品
  • 出版社相关作品

书目信息

  • 表格格式
  • 工作单格式
  • 卡片格式
题名:
小学教育政策与法规
    
 
作者: 石正义 主编
分册:  
出版信息: 北京   北京师范大学出版社  2015.06
页数: 344页
开本: 23cm
丛书名:
单 册:
中图分类: D922.161
科图分类:
主题词: 小学--教育政策--中国--高等学校--教材 , 小学--教育法--中国--高等学校--教材
电子资源:
ISBN: 978-7-303-18505-4
000 00986nam0 2200265 450
001 0120151638310
005 20160513093612.62
010    @a978-7-303-18505-4@dCNY39.00
100    @a20150924d2015 em y0chiy50 ea
101 0  @achi
102    @aCN@b110000
105    @ay z 000yy
106    @ar
200 1  @a小学教育政策与法规@9xiao xue jiao yu zheng ce yu fa gui@f石正义主编
210    @a北京@c北京师范大学出版社@d2015.06
215    @a344页@d23cm
300    @a高等院校小学教育专业系列教材
330    @a本书根据教育部对教师的最新要求编写,涉及的内容有:教育政策概述、教育政策过程、小学教育政策体系、教育法规原理、小学教育法制建设、政府的职责和责任、小学的权力和责任、小学教师的权益及保护等。
333    @a高等师范院校相关专业师生
606 0  @a小学@x教育政策@y中国@x高等学校@j教材
606 0  @a小学@x教育法@y中国@x高等学校@j教材
690    @aD922.161@v5
701  0 @a石正义@9shi zheng yi@4主编
801  0 @aCN@b人天书店@c20150924
905    @b876490-95@dD922.161@e1274@f6
    
    小学教育政策与法规/石正义主编.-北京:北京师范大学出版社,2015.06
    344页;23cm
    高等院校小学教育专业系列教材.-使用对象:高等师范院校相关专业师生
    
    ISBN 978-7-303-18505-4:CNY39.00
    本书根据教育部对教师的最新要求编写,涉及的内容有:教育政策概述、教育政策过程、小学教育政策体系、教育法规原理、小学教育法制建设、政府的职责和责任、小学的权力和责任、小学教师的权益及保护等。
●
相关链接 在E读中查询图书 在五车中查询图书 在当当中查询图书 在豆瓣中查询图书


正题名:小学教育政策与法规     索取号:D922.161/1274         预约/预借

序号 登录号 条形码 馆藏地/架位号 状态 备注
1 876490   208764906   第一样本阅览室/ [索取号:D922.161/1274] 在馆    
2 876491   208764915   教育系资料室/ [索取号:D922.161/1274] 在馆    
3 876492   208764924   教育系资料室/ [索取号:D922.161/1274] 在馆    
4 876493   208764933   教育系资料室/ [索取号:D922.161/1274] 在馆    
5 876494   208764942   第一借阅区/ [索取号:D922.161/1274] 在馆    
6 876495   208764951   第一借阅区/ [索取号:D922.161/1274] 在馆    
唐山师范学院图书馆 欢迎您!
大连网信软件有限公司© 版权所有